Celebrity Couples Who Met On Set Quiz Stats

Quiz Updated Jan 6, 2016

Also try: Celebrity Selfies
Challenge
Share
Tweet
Embed
Score 0/26 Timer 05:00
0 Plays Today
% Correct
Mr. & Mrs. Smith
94.5%
The Fresh Prince of Bel–Air
92.6%
That '70s Show
90.5%
Green Lantern
75.1%
I Know What You Did Last Summer
75%
True Blood
67.8%
Step Up
63.9%
The Rum Diary
61.6%
One Tree Hill
60.3%
Bosom Buddies
57.4%
All My Children
55.6%
Once Upon a Time
52.9%
Parenthood
50.3%
% Correct
The Place Beyond The Pines
45.8%
Las Vegas
44.9%
Wanderlust
44.9%
Jamon Jamon
43.8%
Revenge
42.9%
Jumper
41.6%
It's Always Sunny in Philadelphia
40.1%
Mad Men
36.1%
Swing Shift
34.8%
Dream House
25.9%
Northern Lights
23.4%
Evening
16.2%
Mind Over Murder
14.3%

You're not logged in!

Compare scores with friends on all Sporcle quizzes.
Sign Up with Email
OR
Log In

You Might Also Like...

Show Comments

Extras

Top Quizzes Today


Score Distribution

Your Account Isn't Verified!

In order to create a playlist on Sporcle, you need to verify the email address you used during registration. Go to your Sporcle Settings to finish the process.